000 01124nam a2200217 a 4500
001 17035
005 20180713210124.0
008 140415s1994 mx 000 0 spa d
020 _a968261127X
041 _aspa
082 _a658.812
_bWIH
100 1 _aWHITE, HARRIY R.
245 1 0 _aPRONOSTICO DE VENTAS :
_bESTRATEGIAS FUNCIONALES QUE AHORRAN TIEMPO Y GENERAN UTILIDADES
250 _a1a ed.
260 _aMEXICO :
_bCOMPAÑIA EDITORIAL CONTINENTAL,
_c1994
300 _a215
_c22.7 x 16.5 x 1.6
520 _aPRONÓSTICO DE VENTAS: ESTRATEGIAS FUNCIONALES QUE AHORRAN TIEMPO Y GENERAN UTILIDADES ES DEFINITIVAMENTE UN MANUAL PARA EL EJECUTIVO DE VENTAS Y MERCADOTECNIA... CON O SIN EXPERIENCIA. CON PRONÓSTICO DE VENTAS, APRENDA EL ARTE DE EXPRESAR LOS MÉTODOS DE PRÓNOSTICO Y AUMENTE SUS ACTUALES CONOCIMIENTOS. EN FORMA SENCILLA Y CLARA, SIN TECNICISMOS, HARRY WHITE EXPLICA COMO: CONOCER LOS PROBLEMAS ACTUALES DE OTRAS EMPRESAS PARA BENEFICIO PROPIO, EVALUAR E INCREMENTAR SUS MÉTODOS DE PRONÓSTI
650 1 4 _aMERCADEO
700 1 _aREYES P. PABLO
_etr.
740 _aSALES FORECASTING
999 _c17035
_d17035